000 00392nam a22001697a 4500
999 _c4353
_d4352
005 20210807141425.0
008 160628b xxu||||| |||| 00| 0 eng d
020 _a81-7929-100-6
041 _aeng
082 _b10696
_a331.25
100 _aWILLIAMS GERRY
_9367
245 _aRESOLVING ISSUES
260 _bInfinity Books
_c2005
300 _a109
650 _aManagement
_9241
942 _cBK